50 Greatest Comic Characters Quiz Stats

 Plays Quiz Updated Mar 24, 2020

     
Support Sporcle.
Go Orange.
Score 0/50 Timer 07:00
1 Play Today
Rank Character % Correct
2Batman
97.5%
1Superman
96.1%
5Spider-Man
95.2%
14The Hulk
92.5%
4Wolverine
87.1%
21Captain America
74.5%
8The Joker
72.9%
37Daredevil
66.9%
10The Thing
66.1%
6Dream
60.8%
9Magneto
54.3%
50Spawn
52.8%
17Iron Man
50.2%
20Wonder Woman
49.2%
29Swamp Thing
46.6%
41Green Lantern
43.4%
33Venom
43.3%
25Dr. Doom
39.2%
40Scott Pilgrim
27.4%
32Lex Luthor
27%
19The Punisher
23.4%
16Rorschach
22.7%
38Cerebus
20.5%
26Marv
17.4%
34Dr. Strange
17.3%
Rank Character % Correct
45Deadpool
16.5%
23Obelix
12.8%
7Judge Dredd
12.2%
3John Constantine
11.9%
15Death
11.7%
35Hellboy
9.4%
46J Jonah Jameson
5.8%
11Jesse Custer
5.7%
12Spider Jerusalem
5.5%
30Emma Frost
4.9%
48Harvey Pekar
4.8%
28The Tick
4.4%
42The Saint of Killers
3.4%
49Captain Haddock
3.1%
44Jenny Sparks
1.8%
13Vladek Spiegelman
1.7%
39The Mekon
1.5%
43Astro Boy
1.4%
22Hunter Rose
1.4%
24Deena Pilgrim
1.3%
31Usagi Yojimbo
1.2%
47Apollo and the Midnighter
1.2%
18Halo Jones
1%
36Agent Graves
1%
27Johnny Alpha
0.9%

From the Vault

Comic Strip Slideshow

by opusthepenguin

The great thing about this quiz is that it won't get ink all over your fingers.
Remove Ads.
Support Sporcle.
Get the best of Sporcle when you Go Orange. This ad-free experience offers more features, more stats, and more fun while also helping to support Sporcle. Thank you for becoming a member.

Show Comments

Extras

Top Quizzes Today


Score Distribution

Your Account Isn't Verified!

In order to create a playlist on Sporcle, you need to verify the email address you used during registration. Go to your Sporcle Settings to finish the process.

Report this User

Report this user for behavior that violates our Community Guidelines.

Details: